| 000 | 00481nam a2200193Ia 4500 | ||
|---|---|---|---|
| 008 | 170918s9999 xx 000 0 und d | ||
| 020 | _a9780545490146 | ||
| 050 | _bW187 2010 | ||
| 100 | _aWallace, Carol | ||
| 245 | 4 | _aThe pumpkin mystery / | |
| 245 | _cCarol Wallace; illustrated by Steve Bjorkman. | ||
| 260 | _aNew York : | ||
| 260 | _bScholastic, | ||
| 260 | _c2010 | ||
| 300 | _a38 pages : | ||
| 300 | _bcolored illustration ; | ||
| 300 | _c23cm. | ||
| 500 | _a410 | ||
| 999 |
_c341396 _d341396 |
||